<?xml version="1.0" encoding="UTF-8"?>
<record
    xmlns:xsi="http://www.w3.org/2001/XMLSchema-instance"
    xsi:schemaLocation="http://www.loc.gov/MARC21/slim http://www.loc.gov/standards/marcxml/schema/MARC21slim.xsd"
    xmlns="http://www.loc.gov/MARC21/slim">

  <leader>02322cam a2200385 i 4500</leader>
  <controlfield tag="003">EG-GICUC</controlfield>
  <controlfield tag="005">20260309111325.0</controlfield>
  <controlfield tag="008">131211s2013    nyu    frb    001 0 eng d</controlfield>
  <datafield tag="020" ind1=" " ind2=" ">
    <subfield code="a">9780199938612</subfield>
    <subfield code="q">pbk.</subfield>
  </datafield>
  <datafield tag="020" ind1=" " ind2=" ">
    <subfield code="a">019993861X</subfield>
    <subfield code="q">pbk.</subfield>
  </datafield>
  <datafield tag="040" ind1=" " ind2=" ">
    <subfield code="a">DLC</subfield>
    <subfield code="b">eng</subfield>
    <subfield code="c">DLC</subfield>
    <subfield code="e">rda</subfield>
    <subfield code="d">EG-GiCUC</subfield>
  </datafield>
  <datafield tag="043" ind1=" " ind2=" ">
    <subfield code="a">n-us---</subfield>
    <subfield code="a">n-us-ny</subfield>
  </datafield>
  <datafield tag="050" ind1="0" ind2="0">
    <subfield code="a">K2400</subfield>
    <subfield code="b">.I59243 2013</subfield>
  </datafield>
  <datafield tag="082" ind1="0" ind2="4">
    <subfield code="2">21</subfield>
    <subfield code="a">347.224</subfield>
  </datafield>
  <datafield tag="092" ind1="0" ind2="4">
    <subfield code="2">21</subfield>
  </datafield>
  <datafield tag="099" ind1=" " ind2=" ">
    <subfield code="a">Law 12 2013</subfield>
  </datafield>
  <datafield tag="245" ind1="0" ind2="0">
    <subfield code="a">International commercial arbitration in New York /</subfield>
    <subfield code="c">edited by James H. Carter &amp; John Fellas.</subfield>
  </datafield>
  <datafield tag="250" ind1=" " ind2=" ">
    <subfield code="a">Paperback edition.</subfield>
  </datafield>
  <datafield tag="264" ind1=" " ind2="1">
    <subfield code="a">New York, NY :</subfield>
    <subfield code="b">Oxford University Press,</subfield>
    <subfield code="c">2013.</subfield>
  </datafield>
  <datafield tag="300" ind1=" " ind2=" ">
    <subfield code="a">lviii, 710 pages ;</subfield>
    <subfield code="c">26 cm</subfield>
  </datafield>
  <datafield tag="336" ind1=" " ind2=" ">
    <subfield code="a">text</subfield>
    <subfield code="2">rdacontent</subfield>
  </datafield>
  <datafield tag="337" ind1=" " ind2=" ">
    <subfield code="a">Computer</subfield>
    <subfield code="2">rdamedia</subfield>
  </datafield>
  <datafield tag="338" ind1=" " ind2=" ">
    <subfield code="a">Online Resource </subfield>
    <subfield code="2">rdacarrier</subfield>
  </datafield>
  <datafield tag="504" ind1=" " ind2=" ">
    <subfield code="a">Includes bibliographical references and index.</subfield>
  </datafield>
  <datafield tag="505" ind1="0" ind2="0">
    <subfield code="a">The law applicable to international arbitration in New York / David M. Lindsey and Yasmine Lahlou -- The impact of U.S. litigation / Oliver J. Armas &amp; George Bundy Smith -- Drafting considerations for clauses designating New York as the place of arbitration / Paul D. Friedland -- The application of New York law to contracts / David W. Rivkin -- The selection of arbitrators / James H. Carter -- Jurisdiction : courts vs. arbitrators / George A. Bermann -- Enforcing international arbitration agreements / John Fellas -- Obtaining preliminary relief / Robert H. Smit and Tyler B. Robinson -- Discovery / John L. Gardiner, Lea Haber Kuck, and Julie B&#xE9;dard -- Damages in international arbitration / Claudia T. Salomon and Peter D. Sharp -- Class action arbitration / William H. Baker -- Challenging and enforcing international arbitral awards in New York courts / John V.H. Pierce and David N. Cinotti -- Enforcing awards involving foreign sovereigns / Brian King, Alexander Yanos, Jessica Bannon Vanto, and Phillip Riblett.</subfield>
  </datafield>
  <datafield tag="650" ind1=" " ind2="0">
    <subfield code="a">International commercial arbitration.</subfield>
  </datafield>
  <datafield tag="650" ind1=" " ind2="0">
    <subfield code="a">Arbitration agreements, Commercial.</subfield>
  </datafield>
  <datafield tag="650" ind1=" " ind2="0">
    <subfield code="a">Arbitration and award</subfield>
    <subfield code="z">United States.</subfield>
  </datafield>
  <datafield tag="650" ind1=" " ind2="0">
    <subfield code="a">Arbitration and award</subfield>
    <subfield code="z">New York (State)</subfield>
    <subfield code="z">New York.</subfield>
  </datafield>
  <datafield tag="700" ind1="1" ind2=" ">
    <subfield code="a">Carter, James H.,</subfield>
    <subfield code="d">1943-</subfield>
    <subfield code="e">editor.</subfield>
  </datafield>
  <datafield tag="700" ind1="1" ind2=" ">
    <subfield code="a">Fellas, John.,</subfield>
    <subfield code="e">editor.</subfield>
  </datafield>
  <datafield tag="856" ind1="4" ind2="0">
    <subfield code="u">https://fll.law.cu.edu.eg/fulltext/bks/ENGB12-00076.pdf</subfield>
  </datafield>
  <datafield tag="905" ind1=" " ind2=" ">
    <subfield code="a">10</subfield>
  </datafield>
  <datafield tag="942" ind1=" " ind2=" ">
    <subfield code="2">ddc</subfield>
    <subfield code="c">BK</subfield>
    <subfield code="e">21</subfield>
    <subfield code="n">0</subfield>
  </datafield>
  <datafield tag="999" ind1=" " ind2=" ">
    <subfield code="c">65899</subfield>
    <subfield code="d">65899</subfield>
  </datafield>
  <datafield tag="952" ind1=" " ind2=" ">
    <subfield code="0">0</subfield>
    <subfield code="1">0</subfield>
    <subfield code="2">ddc</subfield>
    <subfield code="4">0</subfield>
    <subfield code="7">0</subfield>
    <subfield code="8">&#x627;&#x644;&#x642;&#x627;&#x646;&#x648;&#x646; &#x627;&#x644;&#x62F;&#x648;&#x644;&#x64A; &#x627;&#x644;&#x62E;&#x627;&#x635;</subfield>
    <subfield code="a">CU</subfield>
    <subfield code="b">LAW2</subfield>
    <subfield code="d">2026-03-09</subfield>
    <subfield code="l">0</subfield>
    <subfield code="o">Law2 12 347.224 CA . I 2013 1200076 C1</subfield>
    <subfield code="p">ENGB12-00076</subfield>
    <subfield code="r">2026-03-09 11:15:18</subfield>
    <subfield code="t">1</subfield>
    <subfield code="w">2026-03-09</subfield>
    <subfield code="y">BK</subfield>
    <subfield code="z">667</subfield>
  </datafield>
  <datafield tag="952" ind1=" " ind2=" ">
    <subfield code="0">0</subfield>
    <subfield code="1">0</subfield>
    <subfield code="2">ddc</subfield>
    <subfield code="4">0</subfield>
    <subfield code="7">0</subfield>
    <subfield code="8">&#x627;&#x644;&#x642;&#x627;&#x646;&#x648;&#x646; &#x627;&#x644;&#x62F;&#x648;&#x644;&#x64A; &#x627;&#x644;&#x62E;&#x627;&#x635;</subfield>
    <subfield code="a">CU</subfield>
    <subfield code="b">LAW2</subfield>
    <subfield code="d">2026-03-09</subfield>
    <subfield code="l">0</subfield>
    <subfield code="o">Law2 12 347.224 CA . I 2013 1200077 C2</subfield>
    <subfield code="p">ENGB12-00077</subfield>
    <subfield code="r">2026-03-09 11:16:11</subfield>
    <subfield code="t">1</subfield>
    <subfield code="w">2026-03-09</subfield>
    <subfield code="y">BK</subfield>
    <subfield code="z">668</subfield>
  </datafield>
</record>
